[Event "Guernsey Holiday op 42nd"]
[Site "Guernsey"]
[Date "2016.10.21"]
[Round "6"]
[White "Van Beek, Ronald"]
[Black "Brown, Jim"]
[Result "1-0"]
[WhiteElo "1297"]
[BlackElo "1195"]
[PlyCount "58"]
[EventDate "2016.10.16"]
[EventType "swiss"]
[EventRounds "7"]
[EventCountry "GCI"]
[SourceTitle "EXT 2022"]
[Source "ChessBase"]
[SourceDate "2021.10.06"]
[SourceVersion "1"]
[SourceVersionDate "2021.10.06"]
[SourceQuality "1"]

1. d4 c6 2. e4 d6 3. Nc3 Nd7 4. Nf3 Ngf6 5. Bd3 e6 6. 0-0 Be7 7. Bf4 h6 8. h3 0-0 9. Bh2 Nh7 10. Re1 b5 11. b4 a5 12. a3 a4 13. Ne2 Re8 14. c4 bxc4 15. Bxc4 Ba6 16. Qd3 Qc8 17. Rac1 Bxc4 18. Qxc4 Ra6 19. Rc3 Qa8 20. Rec1 Rc8 21. Qd3 Nb8 22. d5 c5 23. dxe6 fxe6 24. Ned4 Bf6 25. e5 Be7 26. Nxe6 Nf8 27. Nxf8 Rxf8 28. exd6 Rxd6 29. Bxd6 Bxd6 1-0

[Event "Guernsey Holiday op 42nd"]
[Site "Guernsey"]
[Date "2016.10.20"]
[Round "5"]
[White "Brown, Jim"]
[Black "Foster, Paul"]
[Result "0-1"]
[WhiteElo "1195"]
[BlackElo "1645"]
[PlyCount "60"]
[EventDate "2016.10.16"]
[EventType "swiss"]
[EventRounds "7"]
[EventCountry "GCI"]
[SourceTitle "EXT 2022"]
[Source "ChessBase"]
[SourceDate "2021.10.06"]
[SourceVersion "1"]
[SourceVersionDate "2021.10.06"]
[SourceQuality "1"]

1. Nf3 Nf6 2. e3 b6 3. Be2 Bb7 4. b3 e6 5. Bb2 Be7 6. d3 d5 7. Nbd2 Nbd7 8. a3 c5 9. 0-0 Qc7 10. h3 0-0 11. a4 Bd6 12. d4 Rac8 13. Ne5 Nxe5 14. dxe5 Bxe5 15. Bxe5 Qxe5 16. Nf3 Qc7 17. Qd3 e5 18. Ng5 h6 19. h4 e4 20. Nxe4 dxe4 21. Qc3 Nd5 22. Qb2 Qe7 23. g3 Rcd8 24. c4 Nb4 25. Rad1 Nd3 26. Qc3 Ne5 27. h5 Nf3+ 28. Bxf3 exf3 29. Rxd8 Rxd8 30. g4 Qg5 0-1

[Event "Guernsey Holiday op 42nd"]
[Site "Guernsey"]
[Date "2016.10.16"]
[Round "1"]
[White "Bateman, Kerry"]
[Black "Brown, Jim"]
[Result "1-0"]
[WhiteElo "1742"]
[BlackElo "1195"]
[PlyCount "51"]
[EventDate "2016.10.16"]
[EventType "swiss"]
[EventRounds "7"]
[EventCountry "GCI"]
[SourceTitle "EXT 2022"]
[Source "ChessBase"]
[SourceDate "2021.10.06"]
[SourceVersion "1"]
[SourceVersionDate "2021.10.06"]
[SourceQuality "1"]

1. e4 c6 2. d4 d6 3. Bf4 Nd7 4. Nf3 h6 5. Bc4 Nb6 6. Bb3 Nf6 7. Nc3 e6 8. 0-0 Be7 9. Qd2 g5 10. Bg3 a5 11. a3 a4 12. Ba2 Ra5 13. h3 Ra8 14. Rad1 Ra5 15. Rfe1 g4 16. hxg4 Nxg4 17. d5 e5 18. dxc6 bxc6 19. Ne2 h5 20. Qxa5 h4 21. Bh2 Nxh2 22. Kxh2 h3 23. g3 Bg4 24. Nxe5 dxe5 25. Rxd8+ Bxd8 26. Qxe5+ 1-0

[Event "Guernsey Holiday op 41st"]
[Site "Guernsey"]
[Date "2015.10.24"]
[Round "7"]
[White "Jones, Sidney A"]
[Black "Brown, Jim"]
[Result "1/2-1/2"]
[WhiteElo "1435"]
[BlackElo "1195"]
[PlyCount "20"]
[EventDate "2015.10.18"]
[EventType "swiss"]
[EventRounds "7"]
[EventCountry "GCI"]
[SourceTitle "EXT 2022"]
[Source "ChessBase"]
[SourceDate "2021.10.06"]
[SourceVersion "1"]
[SourceVersionDate "2021.10.06"]
[SourceQuality "1"]

1. e4 c6 2. Nc3 d6 3. Nf3 Nd7 4. Be2 e6 5. 0-0 Ngf6 6. d3 Be7 7. Be3 0-0 8. h3 h6 9. Rc1 b6 10. Re1 Bb7 1/2-1/2

[Event "Guernsey Holiday op 41st"]
[Site "Guernsey"]
[Date "2015.10.21"]
[Round "4"]
[White "Foster, Paul"]
[Black "Brown, Jim"]
[Result "1-0"]
[WhiteElo "1653"]
[BlackElo "1195"]
[PlyCount "61"]
[EventDate "2015.10.18"]
[EventType "swiss"]
[EventRounds "7"]
[EventCountry "GCI"]
[SourceTitle "EXT 2022"]
[Source "ChessBase"]
[SourceDate "2021.10.06"]
[SourceVersion "1"]
[SourceVersionDate "2021.10.06"]
[SourceQuality "1"]

1. e4 c6 2. d4 d6 3. Bd3 Nd7 4. f4 e6 5. Nf3 Be7 6. 0-0 Ngf6 7. e5 dxe5 8. fxe5 Nd5 9. c3 0-0 10. Qe2 f5 11. exf6 N7xf6 12. Ne5 Qe8 13. Nd2 Nh5 14. Rxf8+ Bxf8 15. Ne4 Ndf4 16. Qf3 Nxd3 17. Qxd3 Be7 18. Bd2 Nf6 19. Rf1 Nxe4 20. Qxe4 Bf6 21. Ng4 Qg6 22. Qxg6 hxg6 23. Nxf6+ gxf6 24. Rxf6 Kg7 25. Bg5 Bd7 26. Kf2 Rf8 27. Rxf8 Kxf8 28. Ke3 b5 29. Ke4 Kf7 30. Ke5 a6 31. b4 1-0

[Event "Guernsey Holiday op 41st"]
[Site "Guernsey"]
[Date "2015.10.20"]
[Round "3"]
[White "Brown, Jim"]
[Black "Ruigrok, Jacques"]
[Result "0-1"]
[WhiteElo "1195"]
[BlackElo "1707"]
[PlyCount "64"]
[EventDate "2015.10.18"]
[EventType "swiss"]
[EventRounds "7"]
[EventCountry "GCI"]
[SourceTitle "EXT 2022"]
[Source "ChessBase"]
[SourceDate "2021.10.06"]
[SourceVersion "1"]
[SourceVersionDate "2021.10.06"]
[SourceQuality "1"]

1. Nf3 d5 2. d4 e6 3. e3 Nf6 4. Nbd2 Be7 5. Be2 0-0 6. 0-0 Nc6 7. a3 Bd6 8. b4 a6 9. Bb2 b5 10. Rc1 Re8 11. h3 e5 12. dxe5 Nxe5 13. Nxe5 Bxe5 14. Bxe5 Rxe5 15. Nf3 Re8 16. c3 c6 17. Bd3 Ne4 18. Rc2 f5 19. Re1 Bd7 20. Rf1 Qf6 21. Bxe4 fxe4 22. Nh2 Qg6 23. Kh1 Re7 24. Ng4 h5 25. Nh2 Rf8 26. Rg1 Ref7 27. Rf1 Qg5 28. Re2 g6 29. Qe1 Qh4 30. Kg1 Kh7 31. Rd2 Qg5 32. Re2 Bxh3 0-1

[Event "Guernsey Holiday op 39th"]
[Site "Guernsey"]
[Date "2013.10.23"]
[Round "4"]
[White "Bennett, David"]
[Black "Brown, Jim"]
[Result "1/2-1/2"]
[WhiteElo "1392"]
[BlackElo "1168"]
[PlyCount "59"]
[EventDate "2013.10.20"]
[EventType "swiss"]
[EventRounds "7"]
[EventCountry "GCI"]
[SourceTitle "EXT 2022"]
[Source "ChessBase"]
[SourceDate "2021.10.06"]
[SourceVersion "1"]
[SourceVersionDate "2021.10.06"]
[SourceQuality "1"]

1. Nf3 c6 2. e4 d6 3. d4 Nd7 4. Bf4 e6 5. Nbd2 Be7 6. Be2 Ngf6 7. 0-0 0-0 8. c4 b6 9. Rc1 h6 10. Nb3 Nxe4 11. Bd3 Nef6 12. Qc2 Nh5 13. Be3 Nhf6 14. c5 bxc5 15. dxc5 d5 16. Bf4 a5 17. Bd6 a4 18. Nbd4 Bb7 19. a3 Re8 20. Bxe7 Rxe7 21. Rfe1 Qa5 22. Qd2 Qxd2 23. Nxd2 Ra5 24. b4 axb3 25. N2xb3 Ra8 26. Ra1 Ree8 27. a4 e5 28. Nc2 e4 29. Be2 Ba6 30. Ncd4 1/2-1/2

[Event "Guernsey Holiday op 39th"]
[Site "Guernsey"]
[Date "2013.10.21"]
[Round "2"]
[White "Brown, Jim"]
[Black "Svenneling, Matz"]
[Result "0-1"]
[WhiteElo "1168"]
[BlackElo "1504"]
[PlyCount "48"]
[EventDate "2013.10.20"]
[EventType "swiss"]
[EventRounds "7"]
[EventCountry "GCI"]
[SourceTitle "EXT 2022"]
[Source "ChessBase"]
[SourceDate "2021.10.06"]
[SourceVersion "1"]
[SourceVersionDate "2021.10.06"]
[SourceQuality "1"]

1. Nf3 Nf6 2. d4 c5 3. c3 e6 4. e3 d5 5. Nbd2 Nbd7 6. Be2 Bd6 7. 0-0 Qc7 8. h3 b6 9. b3 Bb7 10. Ba3 h6 11. Rc1 g5 12. Re1 g4 13. Ne5 gxh3 14. g3 Nxe5 15. dxe5 Bxe5 16. Nf1 Ne4 17. f4 Bxc3 18. Bb2 Bxb2 19. Rc2 Bc3 20. Rxc3 Nxc3 21. Qd2 Nxe2+ 22. Rxe2 Qc6 23. Rh2 0-0-0 24. Rxh3 d4 0-1

[Event "Guernsey Holiday op"]
[Site "Guernsey"]
[Date "2012.10.27"]
[Round "7"]
[White "Brown, Jim"]
[Black "Newrick, William"]
[Result "1/2-1/2"]
[WhiteElo "1224"]
[BlackElo "1440"]
[PlyCount "27"]
[EventDate "2012.10.21"]
[EventType "swiss"]
[EventRounds "7"]
[EventCountry "GCI"]
[SourceTitle "EXT 2015"]
[Source "ChessBase"]
[SourceDate "2014.11.20"]
[SourceVersion "1"]
[SourceVersionDate "2014.11.20"]
[SourceQuality "1"]

1. Nf3 d5 2. d4 Nf6 3. e3 e6 4. Nbd2 Bd6 5. Be2 0-0 6. 0-0 c5 7. b3 cxd4 8. exd4 Nc6 9. Bb2 Qc7 10. h3 Rd8 11. a3 Bf4 12. Re1 Ne4 13. Rf1 Nxd2 14. Nxd2 1/2-1/2

[Event "Guernsey Holiday op"]
[Site "Guernsey"]
[Date "2012.10.25"]
[Round "5"]
[White "Brown, Jim"]
[Black "Gunn, Michael J"]
[Result "0-1"]
[WhiteElo "1224"]
[BlackElo "1584"]
[PlyCount "55"]
[EventDate "2012.10.21"]
[EventType "swiss"]
[EventRounds "7"]
[EventCountry "GCI"]
[SourceTitle "EXT 2015"]
[Source "ChessBase"]
[SourceDate "2014.11.20"]
[SourceVersion "1"]
[SourceVersionDate "2014.11.20"]
[SourceQuality "1"]

1. Nf3 Nf6 2. d4 d5 3. e3 g6 4. b3 Bg7 5. Bb2 b6 6. Nbd2 Bb7 7. Be2 Nbd7 8. h3 0-0 9. 0-0 Ne4 10. a3 c5 11. Nxe4 dxe4 12. Ne5 Nxe5 13. dxe5 Qc7 14. Rb1 Rad8 15. Qe1 Bxe5 16. Bxe5 Qxe5 17. Rd1 Rd6 18. Rxd6 exd6 19. Qa1 Qxa1 20. Rxa1 d5 21. f3 f5 22. g3 g5 23. b4 Rc8 24. b5 Rd8 25. Rd1 Kg7 26. a4 Kf6 27. Kf1 Ke5 28. f4+ 0-1

[Event "Guernsey Holiday op"]
[Site "Guernsey"]
[Date "2012.10.24"]
[Round "4"]
[White "Brown, Jim"]
[Black "Gibzinski, Stanislaw"]
[Result "1-0"]
[WhiteElo "1224"]
[BlackElo "1237"]
[PlyCount "73"]
[EventDate "2012.10.21"]
[EventType "swiss"]
[EventRounds "7"]
[EventCountry "GCI"]
[SourceTitle "EXT 2015"]
[Source "ChessBase"]
[SourceDate "2014.11.20"]
[SourceVersion "1"]
[SourceVersionDate "2014.11.20"]
[SourceQuality "1"]

1. Nf3 e6 2. d4 d5 3. e3 Nf6 4. Nbd2 c5 5. Be2 Nc6 6. b3 cxd4 7. exd4 Bd6 8. 0-0 0-0 9. Bb2 Qc7 10. Ne5 Nd7 11. Ndf3 f6 12. Nxc6 bxc6 13. h3 e5 14. dxe5 fxe5 15. Nh2 e4 16. Ng4 Ne5 17. Bxe5 Bxe5 18. Nxe5 Qxe5 19. Qd2 a5 20. a4 Bb7 21. c3 c5 22. Bg4 d4 23. cxd4 cxd4 24. Be2 d3 25. Bg4 Bc6 26. Rac1 Ra6 27. Rb1 Ra7 28. Rbc1 Rf6 29. Rfe1 h5 30. Bf3 Qd4 31. Rc4 Qb6 32. Bxe4 Bxe4 33. Rcxe4 Qxb3 34. Re8+ Rf8 35. Rxf8+ Kxf8 36. Qf4+ Qf7 37. Qb8+ 1-0

[Event "Guernsey Holiday op"]
[Site "Guernsey"]
[Date "2011.10.21"]
[Round "6"]
[White "Van Beek, Ronald"]
[Black "Brown, Jim"]
[Result "1-0"]
[WhiteElo "1374"]
[BlackElo "1272"]
[PlyCount "119"]
[EventDate "2011.10.16"]
[EventType "swiss"]
[EventRounds "7"]
[EventCountry "GCI"]
[SourceTitle "EXT 2015"]
[Source "ChessBase"]
[SourceDate "2014.11.20"]
[SourceVersion "1"]
[SourceVersionDate "2014.11.20"]
[SourceQuality "1"]

1. d4 c6 2. Bf4 d6 3. Nf3 e6 4. e3 Be7 5. Be2 Nf6 6. Nbd2 Nbd7 7. h3 h6 8. 0-0 0-0 9. Bh2 Nh7 10. c4 Ndf6 11. Qc2 b6 12. a4 a5 13. Rfb1 d5 14. Ne5 Bb7 15. cxd5 Nxd5 16. Nxc6 Bxc6 17. Qxc6 Rc8 18. Qb5 Bb4 19. Ne4 Nhf6 20. Nxf6+ Qxf6 21. Bf3 Qd8 22. Rc1 Bd2 23. Rxc8 Qxc8 24. Bxd5 exd5 25. Qxb6 Bb4 26. Bd6 Bxd6 27. Qxd6 Rd8 28. Qc5 Qb8 29. Rb1 Qb4 30. Qxb4 axb4 31. b3 Rc8 32. a5 Ra8 33. Ra1 Kf8 34. g4 Ke7 35. f4 g6 36. Kf2 f6 37. Kf3 Kd6 38. a6 Ra7 39. h4 f5 40. gxf5 gxf5 41. Ke2 Kd7 42. Ra5 Ke6 43. Rb5 Rxa6 44. Rxb4 Kd6 45. Rb8 Ra2+ 46. Kf3 Rh2 47. Kg3 Re2 48. Kf3 Rh2 49. Rb6+ Ke7 50. Rxh6 Rh3+ 51. Ke2 Rh2+ 52. Kd3 Rh1 53. Kc3 Re1 54. Kd2 Rb1 55. Rh7+ Ke6 56. Rb7 Rb2+ 57. Kc3 Rh2 58. Rb6+ Ke7 59. Kb4 Rxh4 60. Kc5 1-0

[Event "Guernsey Holiday op"]
[Site "Guernsey"]
[Date "2009.10.23"]
[Round "6"]
[White "Harnden, Terry"]
[Black "Brown, Jim"]
[Result "1-0"]
[WhiteElo "1442"]
[BlackElo "1378"]
[PlyCount "101"]
[EventDate "2009.10.18"]
[EventType "swiss"]
[EventRounds "7"]
[EventCountry "GCI"]
[SourceTitle "EXT 2015"]
[Source "ChessBase"]
[SourceDate "2014.11.20"]
[SourceVersion "1"]
[SourceVersionDate "2014.11.20"]
[SourceQuality "1"]

1. e4 d6 2. d4 c6 3. Be3 Nd7 4. Qd2 e5 5. c3 Be7 6. Bc4 Ngf6 7. f3 h6 8. Ne2 b5 9. Bb3 a6 10. Ng3 Nb6 11. Na3 0-0 12. 0-0-0 d5 13. Bc2 Nbd7 14. Nf5 Kh8 15. Bxh6 Nh5 16. exd5 Bf6 17. dxc6 Nb6 18. h4 Nf4 19. Bxf4 exf4 20. Qxf4 Nd5 21. Qd6 Bxf5 22. Qxd8 Rfxd8 23. Be4 Bxe4 24. fxe4 Ne3 25. Rd2 Rac8 26. d5 Be5 27. Rf2 f6 28. Nc2 Nc4 29. Nb4 a5 30. Nd3 Bd6 31. h5 Ne3 32. h6 Ng4 33. hxg7+ Kxg7 34. Rf3 Re8 35. Re1 Re7 36. Nf4 Bxf4+ 37. Rxf4 Ne5 38. Kc2 Nc4 39. b3 Nd6 40. Kd3 Re5 41. g4 Kg6 42. Ref1 Ne8 43. Kd4 Rg5 44. Kc5 Rb8 45. b4 a4 46. a3 Re5 47. c4 bxc4 48. Kxc4 Nd6+ 49. Kd3 Nb5 50. Rxf6+ Kg5 51. R6f5+ 1-0

[Event "Guernsey Holiday op 33rd"]
[Site "Guernsey"]
[Date "2007.10.23"]
[Round "3"]
[White "Van Rooijen, Gerardus C"]
[Black "Brown, Jim"]
[Result "1-0"]
[WhiteElo "1480"]
[BlackElo "1144"]
[PlyCount "105"]
[EventDate "2007.10.21"]
[EventType "swiss"]
[EventRounds "7"]
[EventCountry "GCI"]
[SourceTitle "EXT 2022"]
[Source "ChessBase"]
[SourceDate "2021.10.06"]
[SourceVersion "1"]
[SourceVersionDate "2021.10.06"]
[SourceQuality "1"]

1. d4 d6 2. c4 c6 3. Nc3 Nd7 4. e4 e5 5. Nf3 Be7 6. a3 Ngf6 7. Bd3 0-0 8. 0-0 h6 9. Qc2 Re8 10. b4 b6 11. Bb2 Qc7 12. Rac1 Bb7 13. Rfd1 c5 14. Nb5 Qb8 15. dxe5 dxe5 16. Nc3 Bd6 17. b5 Qc7 18. Nh4 Qd8 19. Nf5 Bf8 20. Be2 Qb8 21. Ne3 Rd8 22. Ncd5 Bd6 23. Rd2 Ne8 24. Rcd1 Bxd5 25. Rxd5 Ndf6 26. R5d2 Bc7 27. Nf5 Rxd2 28. Rxd2 Bd8 29. f3 Qc7 30. Qc3 Nd7 31. Qd3 Nef6 32. Qd6 Qxd6 33. Rxd6 Bc7 34. Rd1 Rd8 35. Ne7+ Kf8 36. Nd5 Nxd5 37. Rxd5 Nf6 38. Rxd8+ Bxd8 39. Bxe5 Nd7 40. Bd6+ Ke8 41. f4 Be7 42. Bxe7 Kxe7 43. e5 Nf8 44. g3 Ne6 45. Bd3 Nd4 46. Kf2 g6 47. Ke3 Ke6 48. h3 h5 49. g4 f5 50. gxf5+ Nxf5+ 51. Bxf5+ Kxf5 52. h4 Ke6 53. Ke4 1-0

[Event "Guernsey Holiday op"]
[Site "Grand Harve Bay"]
[Date "2006.10.21"]
[Round "7"]
[White "Newrick, William"]
[Black "Brown, Jim"]
[Result "1/2-1/2"]
[WhiteElo "1400"]
[BlackElo "1128"]
[PlyCount "40"]
[EventDate "2006.10.15"]
[EventType "swiss"]
[EventRounds "7"]
[EventCountry "GCI"]
[SourceTitle "EXT 2008"]
[Source "ChessBase"]
[SourceDate "2007.11.25"]
[SourceVersion "1"]
[SourceVersionDate "2007.11.25"]
[SourceQuality "1"]

1. d4 d6 2. c4 c6 3. Nf3 Nd7 4. Nc3 e6 5. e4 Be7 6. Be2 e5 7. 0-0 Ngf6 8. Qc2 0-0 9. dxe5 dxe5 10. Rd1 Qc7 11. Bg5 Rd8 12. a3 a6 13. b4 b6 14. h3 Bb7 15. Be3 c5 16. Nd5 Nxd5 17. cxd5 h6 18. b5 a5 19. a4 Rac8 20. Bc4 Qd6 1/2-1/2

[Event "Guernsey Holiday op"]
[Site "Cobo Bay"]
[Date "2005.10.22"]
[Round "7"]
[White "Nalichowski, Bogdan"]
[Black "Brown, Jim"]
[Result "1-0"]
[WhiteElo "1480"]
[BlackElo "1192"]
[PlyCount "99"]
[EventDate "2005.10.16"]
[EventType "swiss"]
[EventRounds "7"]
[EventCountry "GCI"]
[SourceTitle "EXT 2007"]
[Source "ChessBase"]
[SourceDate "2006.11.23"]
[SourceVersion "1"]
[SourceVersionDate "2006.11.23"]
[SourceQuality "1"]

1. e4 d6 2. Bc4 e6 3. f4 Be7 4. Nf3 Nd7 5. c3 c6 6. 0-0 Ngf6 7. d3 0-0 8. f5 Nb6 9. Bb3 h6 10. a4 exf5 11. a5 Nbd7 12. Nh4 Kh8 13. Nxf5 Nc5 14. Bc4 Be6 15. b4 Bxc4 16. bxc5 Be6 17. cxd6 Bxd6 18. Qe2 Bc7 19. e5 Ng8 20. d4 Qd7 21. Qe4 Qd5 22. Qh4 Qd8 23. Qg3 g6 24. Bxh6 Nxh6 25. Nxh6 Kg7 26. Nf5+ Bxf5 27. Rxf5 Rh8 28. Rf6 Qe7 29. Nd2 Raf8 30. a6 b5 31. Rxc6 Rh6 32. Rf1 Rh7 33. Rff6 Rh6 34. Qg5 Bd8 35. Qg4 Qe8 36. Rfd6 Be7 37. Rd7 Rh4 38. Rxe7 Qxe7 39. Qf3 Rh5 40. Nf1 Rf5 41. Qg3 Qg5 42. Qxg5 Rxg5 43. Rc7 Ra8 44. e6 Kf8 45. Rxf7+ Ke8 46. Ne3 b4 47. cxb4 Rb5 48. d5 Rb6 49. Ng4 Rbb8 50. d6 1-0

[Event "Guernsey Holiday op"]
[Site "Cobo Bay"]
[Date "2005.10.18"]
[Round "3"]
[White "Brown, Jim"]
[Black "Herschmann, Heinz"]
[Result "1/2-1/2"]
[WhiteElo "1192"]
[BlackElo "1328"]
[PlyCount "54"]
[EventDate "2005.10.16"]
[EventType "swiss"]
[EventRounds "7"]
[EventCountry "GCI"]
[SourceTitle "EXT 2007"]
[Source "ChessBase"]
[SourceDate "2006.11.23"]
[SourceVersion "1"]
[SourceVersionDate "2006.11.23"]
[SourceQuality "1"]

1. Nf3 d5 2. d4 Nf6 3. e3 e6 4. Bd3 Be7 5. Nbd2 Bd7 6. b3 Nc6 7. a3 a6 8. Bb2 0-0 9. 0-0 Ne8 10. h3 Nd6 11. Re1 g6 12. c4 Na7 13. c5 Nf5 14. Rc1 Bf6 15. a4 Nc6 16. Bxf5 exf5 17. Bc3 Re8 18. Nf1 Bg5 19. Nxg5 Qxg5 20. Qf3 Ne7 21. Qg3 Qxg3 22. Nxg3 Nc6 23. f4 Rad8 24. a5 Na7 25. Bd2 Re7 26. Nf1 Rde8 27. Kf2 Kg7 1/2-1/2